[Event "9th RTU Open 2019"]
[Site "Riga"]
[Date "2019.08.09"]
[Round "7.17"]
[White "Shailesh, Dravid"]
[Black "Grigorov, Grigor"]
[Result "1/2-1/2"]
[WhiteElo "2254"]
[BlackElo "2501"]
[Annotator "TA"]
[PlyCount "49"]
[EventDate "2019.08.05"]
[EventType "swiss"]
[EventCountry "LAT"]
[SourceTitle "playchess.com"]
[Source "ChessBase"]
[SourceQuality "1"]

{[%evp 21,49,2,20,7,11,16,33,29,30,38,26,33,27,32,32,-14,-20,-16,-12,-18,0,0,0,0,0,0,0,0,0,0]} 1. e4 c6 2. d4 d5 3. Nd2 dxe4 4. Nxe4 Bf5 5. Ng3 Bg6 6. h4 h6 7. Nf3 e6 8. h5 Bh7 9. Bd3 Bxd3 10. Qxd3 Nf6 11. Bd2 c5 12. Ne4 {B19: Classical Caro-Kann: 4...Bf5 main line} (12. O-O-O Nc6 13. Bc3 Qd5 14. dxc5 Qxd3 15. cxd3 Bxc5 16. Bxf6 gxf6 17. d4 Bb6 18. d5 Ne7 19. dxe6 fxe6 20. Ne4 {½-½ (32) Andreikin,D (2725)-Howell,D (2693) Astana 2019}) 12... Nc6 {[%cal Rc5d4]} 13. Bc3 cxd4 14. Nxd4 {White is slightly better.} Nb4 15. Qb5+ Qd7 16. Nxf6+ gxf6 17. Qxd7+ $146 ({Predecessor:} 17. Bxb4 Qxb5 18. Nxb5 Bxb4+ 19. c3 Ba5 {0-1 (49) Nemcova,K (2313)-Lei,T (2488) Khanty-Mansiysk 2017}) 17... Kxd7 18. Bxb4 (18. Rd1 {seems wilder.} Nd5 19. Bd2 Rc8 20. c3 f5 21. Rh3) 18... Bxb4+ {The position is equal.} 19. c3 Bc5 20. O-O-O {Nxe6+! is the strong threat.} Kc7 21. b4 Be7 22. Nb5+ Kc6 23. Nd4+ Kc7 24. Nb5+ Kc6 25. Nd4+ 1/2-1/2

[Event "9th RTU Open 2019"]
[Site "Riga"]
[Date "2019.08.09"]
[Round "7.18"]
[White "Laurusas, Tomas"]
[Black "Haria, Ravi"]
[Result "0-1"]
[WhiteElo "2511"]
[BlackElo "2430"]
[Annotator "TA"]
[PlyCount "32"]
[EventDate "2019.08.05"]
[EventType "swiss"]
[EventCountry "LAT"]
[SourceTitle "playchess.com"]
[Source "ChessBase"]
[SourceQuality "1"]

{[%evp 12,58,31,35,31,0,13,-45,-43,-222,-131,-233,-234,-229,-229,-242,-235,-241,-245,-232,-245,-226,-196,-193,-190,-286,-247,-563,-552,-747,-743,-721,-714,-1039,-1035,-1071,-1016,-1006,-992,-1399,-1308,-1395,-1372,-1247,-1226,-29981,-29980,-29988,-29989]} 1. d4 e6 2. c4 d5 3. Nf3 Nf6 4. Nc3 Bb4 5. cxd5 exd5 6. Bg5 Qd6 7. Nd2 Bf5 {D38: Queen's Gambit Declined: Ragozin Defence (4 Nf3 Bb4)} 8. Bxf6 {[%mdl 64] Overworked Piece} (8. e3 c6 9. Qb3 Ne4 10. Ndxe4 Bxe4 11. a3 Bxc3+ 12. bxc3 b6 13. Qb4 Qxb4 14. cxb4 a6 15. a4 {1-0 (45) Nakamura,H (2779)-Nguyen,N (2629) Doha 2016}) 8... Qxf6 9. Nxd5 $146 ({White should try} 9. Qa4+ $11 Nc6 10. e3) ({Predecessor:} 9. e3 c6 10. Be2 Nd7 11. O-O O-O 12. Qb3 Qe7 13. a3 Bxc3 14. Qxc3 a5 15. a4 {½-½ (53) Sviridova,V (2069)-Zhai,M (2339) Pune 2014}) 9... Qxd4 $15 {[%mdl 64] Double Attack. Black is slightly better.} 10. Nxc7+ $2 (10. Nxb4 $15 Qxb4 11. a3 Qxb2 12. e4) 10... Ke7 $19 {Hoping for ...Rd8!} 11. e4 {[#]} (11. Nxa8 $2 {loses.} Rd8 $19) (11. a3 $17 Ba5 12. Rc1 (12. Nxa8 $2 {is the wrong capture.} Qxb2 13. e4 Bxe4 $19)) 11... Rd8 $1 {[%cal Rb4d2][%mdl 512]} 12. Nd5+ Rxd5 $1 13. exd5 {Strongly threatening a3.} Qxb2 $40 {[%mdl 128] aiming for ...Bxd2+. Black wants a kill.} 14. Rc1 Nd7 {[%mdl 1024] Black has strong compensation.} 15. Be2 {[#]} Re8 $1 ({Less strong is} 15... Qxa2 16. g4 $17) 16. Rc4 Kd8 {Played: Bb4-a5} 0-1

[Event "9th RTU Open 2019"]
[Site "Riga"]
[Date "2019.08.09"]
[Round "7.19"]
[White "Smirin, Ilia"]
[Black "Baskin, Robert"]
[Result "1-0"]
[WhiteElo "2594"]
[BlackElo "2398"]
[Annotator "ChessBase"]
[PlyCount "79"]
[EventDate "2019.08.05"]
[EventType "swiss"]
[EventCountry "LAT"]
[SourceTitle "playchess.com"]
[Source "ChessBase"]
[SourceQuality "1"]
[TimeControl "5400+30"]

1. e4 {[%emt 0:00:00]} c5 {[%emt 0:00:00]} 2. Nf3 {[%emt 0:00:00]} Nc6 {[%emt 0:00:00]} 3. d4 {[%emt 0:00:00]} cxd4 {[%emt 0:00:03]} 4. Nxd4 {[%emt 0:00:00]} e5 {[%emt 0:00:57]} 5. Nb5 {[%emt 0:00:16]} d6 {[%emt 0:00:11]} 6. N1c3 {[%emt 0:02:01]} a6 {[%emt 0:00:10]} 7. Na3 {[%emt 0:00:13]} Be7 {[%emt 0:00:26]} 8. Be3 {[%emt 0:06:04]} Nf6 {[%emt 0:00:30]} 9. Nc4 {[%emt 0:00:43]} b5 {[%emt 0:00:10]} 10. Nb6 {[%emt 0:00:22]} Rb8 {[%emt 0:00:06]} 11. Nxc8 {[%emt 0:01:09]} Qxc8 {[%emt 0:00:06]} 12. Be2 {[%emt 0:00:58]} O-O {[%emt 0:00:17]} 13. O-O {[%emt 0:01:10]} b4 {[%emt 0:03:54]} 14. Nd5 {[%emt 0:00:35]} Nxe4 {[%emt 0:00:10]} 15. c3 {[%emt 0:12:14]} Nf6 {[%emt 0:23:24]} 16. Nxe7+ {[%emt 0:09:56]} Nxe7 {[%emt 0:00:09]} 17. cxb4 {[%emt 0:00:11]} Ned5 {[%emt 0:02:54]} 18. a3 {[%emt 0:01:49]} Nxe3 {[%emt 0:01:31]} 19. fxe3 {[%emt 0:00:11]} a5 {[%emt 0:00:44]} 20. Qxd6 {[%emt 0:10:48]} Qc2 {[%emt 0:03:26]} 21. Qd3 {[%emt 0:03:46]} Rfc8 {[%emt 0:25:27]} 22. Qxc2 {[%emt 0:06:05]} Rxc2 {[%emt 0:01:18]} 23. Bd3 {[%emt 0:00:02]} Rd2 {[%emt 0:07:54]} 24. Rfd1 {[%emt 0:01:15]} Rxd1+ {[%emt 0:00:30]} 25. Rxd1 {[%emt 0:00:06]} axb4 {[%emt 0:00:03]} 26. a4 {[%emt 0:00:10]} Nd7 {[%emt 0:05:53]} 27. Rc1 {[%emt 0:04:57]} g6 {[%emt 0:02:21]} 28. Rc7 {[%emt 0:03:22]} Rd8 {[%emt 0:01:24]} 29. a5 {[%emt 0:10:05]} Nc5 {[%emt 0:01:53]} 30. Be2 {[%emt 0:01:22]} Rd2 {[%emt 0:01:37]} 31. Kf1 {[%emt 0:01:16]} Ne4 {[%emt 0:12:44]} 32. Rc4 {[%emt 0:03:21]} f5 {[%emt 0:01:32]} 33. Rxb4 {[%emt 0:00:09]} Rc2 {[%emt 0:00:12]} 34. Bd3 {[%emt 0:00:39]} Rc1+ {[%emt 0:00:28]} 35. Ke2 {[%emt 0:00:06]} Nc5 {[%emt 0:00:22]} 36. Rc4 {[%emt 0:04:54]} Nxd3 {[%emt 0:00:38]} 37. Kxd3 {[%emt 0:00:09]} Ra1 {[%emt 0:00:21]} 38. b4 {[%emt 0:00:29]} Kf7 {[%emt 0:00:28]} 39. Rc6 {[%emt 0:03:05]} e4+ {[%emt 0:02:03]} 40. Kd4 {[%emt 0:00:08]} 1-0

[Event "9th RTU Open 2019"]
[Site "Riga"]
[Date "2019.08.09"]
[Round "7.20"]
[White "Bauer, Christian"]
[Black "Semjonovs, Ilja"]
[Result "1/2-1/2"]
[WhiteElo "2646"]
[BlackElo "2380"]
[Annotator "TA"]
[PlyCount "114"]
[EventDate "2019.08.05"]
[EventType "swiss"]
[EventCountry "LAT"]
[SourceTitle "playchess.com"]
[Source "ChessBase"]
[SourceQuality "1"]

{[%evp 10,114,54,47,48,39,82,80,102,105,108,60,75,81,87,77,75,48,48,45,52,54,34,0,0,-9,55,70,143,134,127,97,99,85,85,58,63,51,58,23,26,18,18,20,26,18,18,1,17,13,18,11,13,8,7,10,12,12,4,4,19,14,18,0,6,0,22,0,4,0,0,0,21,0,0,0,0,0,6,8,6,0,0,0,19,11,10,0,0,0,0,0,0,0,0,0,0,0,0,0,0,0,0,0,0,0,0]} 1. d4 Nf6 2. Nf3 g6 3. c4 d5 4. cxd5 Nxd5 5. e4 Nb6 6. Be2 Bg7 {D70: Grünfeld: Unusual White 3rd moves (met by ...d5)} 7. Be3 (7. O-O Bg4 8. Nbd2 N8d7 9. h3 Bxf3 10. Nxf3 O-O 11. Be3 c6 12. a4 Nc8 13. Qb3 Qb6 14. Qc2 {1-0 (43) Kezin,R (2471)-Ovchinnikov,V (2329) Moscow 2019}) 7... Nc6 8. Nc3 Bg4 {Black wants to play ...Bxf3.White is better.} 9. d5 Nb8 $146 ({Predecessor:} 9... Ne5 10. Nxe5 Bxe2 11. Qxe2 Bxe5 12. Bh6 c6 13. Rd1 Bxc3+ 14. bxc3 Qc7 15. c4 O-O-O {1-0 (25) Schweighofer,J (1802)-Mateu Mir,G (1398) Port de Pollenca 2019}) 10. Bd4 Bxd4 11. Qxd4 O-O 12. O-O-O c6 13. h4 h5 14. Qe3 {Strongly threatening dxc6.} cxd5 15. Qh6 {[#] Threatening mate with Ng5.} Bxf3 $1 16. Bxf3 Qd6 17. Rh3 N8d7 (17... d4 $11) 18. Bxh5 $1 $14 Rfd8 (18... Rac8 $14) 19. Be2 $16 {And now h5 would win.} ({Don't take} 19. exd5 $6 Qf6 $14) 19... Qf6 20. Rf3 Qg7 21. Qxg7+ Kxg7 22. exd5 Nf6 {[%cal Rb6d5]} 23. Rfd3 Rd7 24. Kc2 Rad8 25. Bf3 Nc4 $1 26. Rd4 Ne5 27. Be2 e6 $1 {[%cal Re6d5] The position is equal.} 28. d6 Nc6 29. R4d2 Nb4+ 30. Kb3 Nbd5 $1 31. Nxd5 Nxd5 32. Bf3 Rxd6 33. Bxd5 exd5 $11 {[%mdl 4096] Endgame KRR-KRR} 34. Rd4 R8d7 35. R1d3 Kf6 36. Kc3 Rc6+ 37. Kd2 Ke5 38. f4+ Ke6 39. Re3+ Kf6 40. g4 Rdc7 41. Rb3 Ke6 42. Rb5 Rd6 43. Rd3 f6 44. Re3+ Kf7 45. Kd3 b6 46. Re1 a5 47. a4 Rc5 48. b3 Rdc6 49. f5 Rxb5 50. axb5 {KR-KR} Rc5 51. fxg6+ Kxg6 52. Re6 Rxb5 53. g5 Rxb3+ 54. Kd4 Rb4+ 55. Kxd5 Rxh4 56. Rxf6+ Kxg5 57. Rxb6 a4 {Accuracy: White = 57%, Black = 61%.} 1/2-1/2

[Event "9th RTU Open 2019"]
[Site "Riga"]
[Date "2019.08.09"]
[Round "7.21"]
[White "Suleymenov, Alisher"]
[Black "Svane, Rasmus"]
[Result "0-1"]
[WhiteElo "2376"]
[BlackElo "2615"]
[Annotator "TA"]
[PlyCount "114"]
[EventDate "2019.08.05"]
[EventType "swiss"]
[EventCountry "LAT"]
[SourceTitle "playchess.com"]
[Source "ChessBase"]
[SourceQuality "1"]

{[%evp 9,114,22,36,9,8,0,13,7,9,-7,1,0,14,0,0,-14,-8,-21,-27,-20,-9,-9,-6,-12,0,-5,-3,-147,-20,-155,-72,-81,-71,-66,-7,-79,-16,-29,-34,-41,-27,-23,-16,0,8,-1,-10,-23,-6,-16,-16,-17,-23,-29,-25,-31,-26,-28,-27,-37,-29,-32,-24,-31,-31,-114,-97,-83,-83,-90,-54,-61,-25,-27,-29,-38,-11,-112,-99,-110,-110,-343,-284,-283,-278,-261,-237,-237,-236,-217,-220,-403,-402,-410,-389,-392,-370,-722,-694,-1521,-1108,-5310,-5034,-29990,-29991,-29991,-29991]} 1. d4 e6 2. c4 b6 3. e4 Bb4+ 4. Bd2 Bxd2+ 5. Nxd2 $146 (5. Qxd2 d5 6. cxd5 exd5 7. e5 Ne7 8. f4 O-O 9. Nf3 c5 10. Nc3 Nbc6 11. dxc5 bxc5 {1-0 (50) Duda,J (2738)-Meier,G (2623) chess.com INT 2019}) 5... Ne7 6. Ngf3 {C01: French: Exchange Variation} O-O 7. Bd3 d6 8. O-O {The position is equal.} e5 9. d5 a5 10. a3 Ng6 11. b4 Nf4 12. Qc2 Qd7 13. Rfc1 Qg4 $36 {[%csl Gf4][%cal Rg4g2][%mdl 2048] Black is pushing.} 14. Ne1 Nd7 15. f3 Qg5 16. Kh1 h5 17. Bf1 h4 18. Nb3 (18. Nd3 $11) 18... Nf6 (18... f5 $1 $17 19. Nd2 Nf6) 19. bxa5 (19. Nd3 $11) 19... bxa5 (19... N6h5 $142 $1 20. Nd3 bxa5 21. Nxf4 Qxf4) 20. Nd3 $17 a4 21. Nd2 {[%cal Bb3d2,Bd2b1,Bb1c3,Bc3b5,Bb5c7,Bc7a6,Ba6b4,Bb4c6][%mdl 32]} N4h5 (21... Nd7 $15) 22. Kg1 (22. c5 $11) 22... g6 (22... h3 $17 {next ...hxg2 is good for Black.} 23. g3 Nxg3 $1 {[%mdl 512]} 24. hxg3 Qxg3+ 25. Kh1 Nh5) 23. Nb1 Nf4 24. Nxf4 exf4 25. Nc3 h3 26. Nb5 Bd7 27. Nxc7 Rac8 28. Na6 Bb5 $1 {[%cal Rb5a6]} 29. Nb4 ({Much weaker is} 29. cxb5 Rxc2 30. Rxc2 hxg2 $17) 29... Bxc4 $1 30. Nc6 Bxf1 $1 31. Rxf1 Nd7 32. Qd2 hxg2 33. Qxg2 Qf6 34. Rab1 Ne5 35. Rfc1 Rc7 36. Kh1 Kg7 37. Qe2 {[#]} (37. Nxe5 $15 Rxc1+ 38. Rxc1 Qxe5 39. Qc2) 37... Rfc8 $1 {[%cal Re5c6]} 38. Rb6 Qh4 39. Rc3 Rh8 {Threatens to win with ...Qg3.} 40. Rb1 $1 Qf6 {Strongly threatening ...Ng4!} 41. Rc2 Rhc8 {[%cal Re5c6]} 42. Rbc1 Rb7 43. Rc3 (43. Nxe5 $1 $11 Rxc2 44. Qxc2 dxe5 45. Qxa4) 43... Rb3 44. Rxb3 axb3 {[%cal Ba4b3,Bb3b2][%mdl 32]} 45. Qb2 $2 (45. a4 $17 {was the only chance.}) 45... Nd3 ({Not} 45... Nxc6 46. Qxf6+ Kxf6 47. dxc6 $17) 46. Qxf6+ Kxf6 $19 {[%mdl 4096] Endgame KRN-KRN} 47. Rb1 b2 {...Ra8 is the strong threat.} 48. Kg2 g5 49. a4 {[#]} Rc7 $1 50. Kf1 $2 (50. a5 Rb7 51. a6) 50... Rb7 51. Ke2 Rb3 52. a5 {intending a6.} Ra3 {And now ...Ra1 would win.} 53. Kd2 $2 {[#]} (53. a6 Ra1 54. a7 Rxb1 55. a8=Q) 53... g4 $1 {[%mdl 512]} 54. a6 (54. fxg4 Ra1) 54... gxf3 55. a7 f2 56. h4 Nc1 57. e5+ dxe5 {Accuracy: White = 32%, Black = 63%.} 0-1

[Event "9th RTU Open 2019"]
[Site "Riga"]
[Date "2019.08.09"]
[Round "7.22"]
[White "Lobanov, Sergei"]
[Black "Ioannidis, Evgenios"]
[Result "1/2-1/2"]
[WhiteElo "2505"]
[BlackElo "2378"]
[Annotator "ChessBase"]
[PlyCount "85"]
[EventDate "2019.08.05"]
[EventType "swiss"]
[EventCountry "LAT"]
[SourceTitle "playchess.com"]
[Source "ChessBase"]
[SourceQuality "1"]
[TimeControl "5400+30"]

1. e4 {[%emt 0:00:00]} e5 {[%emt 0:00:00]} 2. Nf3 {[%emt 0:00:00]} Nc6 {[%emt 0:00:00]} 3. Bb5 {[%emt 0:00:02]} a6 {[%emt 0:00:12]} 4. Ba4 {[%emt 0:00:04]} Nf6 {[%emt 0:00:22]} 5. O-O {[%emt 0:00:06]} Be7 {[%emt 0:00:17]} 6. Re1 {[%emt 0:00:06]} b5 {[%emt 0:00:41]} 7. Bb3 {[%emt 0:00:05]} O-O {[%emt 0:00:15]} 8. d3 {[%emt 0:01:49]} d6 {[%emt 0:01:04]} 9. c3 {[%emt 0:00:16]} Na5 {[%emt 0:02:38]} 10. Bc2 {[%emt 0:00:05]} c5 {[%emt 0:00:50]} 11. d4 {[%emt 0:02:45]} cxd4 {[%emt 0:03:55]} 12. cxd4 {[%emt 0:00:05]} Nc6 {[%emt 0:00:16]} 13. h3 {[%emt 0:02:56]} Bb7 {[%emt 0:02:14]} 14. Nc3 {[%emt 0:00:50]} Rc8 {[%emt 0:03:01]} 15. Be3 {[%emt 0:02:06]} b4 {[%emt 0:11:04]} 16. Na4 {[%emt 0:01:02]} Na5 {[%emt 0:21:43]} 17. dxe5 {[%emt 0:04:03]} dxe5 {[%emt 0:00:11]} 18. Nb6 {[%emt 0:00:09]} Qxd1 {[%emt 0:06:24]} 19. Bxd1 {[%emt 0:00:36]} Rcd8 {[%emt 0:00:57]} 20. Nxe5 {[%emt 0:00:47]} Bxe4 {[%emt 0:09:03]} 21. Ba4 {[%emt 0:04:57]} Bf5 {[%emt 0:03:31]} 22. Rac1 {[%emt 0:04:41]} Be6 {[%emt 0:03:49]} 23. Bc5 {[%emt 0:12:26]} Bxc5 {[%emt 0:01:34]} 24. Rxc5 {[%emt 0:00:02]} Rd6 {[%emt 0:00:45]} 25. Nbd7 {[%emt 0:10:22]} Nxd7 {[%emt 0:00:07]} 26. Nxd7 {[%emt 0:00:03]} Bxd7 {[%emt 0:02:42]} 27. Bxd7 {[%emt 0:00:14]} Rxd7 {[%emt 0:04:31]} 28. Rxa5 {[%emt 0:00:01]} Rd6 {[%emt 0:04:29]} 29. b3 {[%emt 0:00:36]} g6 {[%emt 0:01:42]} 30. Re4 {[%emt 0:00:33]} Rb8 {[%emt 0:01:14]} 31. g4 {[%emt 0:00:20]} Kg7 {[%emt 0:00:51]} 32. Kg2 {[%emt 0:00:10]} Rbb6 {[%emt 0:00:53]} 33. g5 {[%emt 0:01:52]} h6 {[%emt 0:00:11]} 34. h4 {[%emt 0:00:04]} hxg5 {[%emt 0:00:09]} 35. hxg5 {[%emt 0:00:01]} Rd2 {[%emt 0:02:55]} 36. Kg3 {[%emt 0:05:28]} Rc6 {[%emt 0:04:36]} 37. Rf4 {[%emt 0:00:06]} Rc3+ {[%emt 0:00:25]} 38. Kg2 {[%emt 0:04:41]} Rc6 {[%emt 0:00:04]} 39. Re5 {[%emt 0:16:11]} Rc7 {[%emt 0:00:03]} 40. Ra5 {[%emt 0:00:45]} Rc6 {[%emt 0:00:03]} 41. Kg3 {[%emt 0:00:10]} Rc3+ {[%emt 0:00:10]} 42. Rf3 {[%emt 0:00:05]} Rc6 {[%emt 0:02:38]} 43. Rf4 {[%emt 0:00:25]} 1/2-1/2

[Event "9th RTU Open 2019"]
[Site "Riga"]
[Date "2019.08.09"]
[Round "7.23"]
[White "Narva, Mai"]
[Black "Jurcik, Marian"]
[Result "1/2-1/2"]
[WhiteElo "2358"]
[BlackElo "2501"]
[Annotator "ChessBase"]
[PlyCount "90"]
[EventDate "2019.08.05"]
[EventType "swiss"]
[EventCountry "LAT"]
[SourceTitle "playchess.com"]
[Source "ChessBase"]
[SourceQuality "1"]
[TimeControl "5400+30"]

1. e4 {[%emt 0:00:00]} c5 {[%emt 0:00:00]} 2. Nf3 {[%emt 0:00:00]} d6 {[%emt 0:00:40]} 3. d4 {[%emt 0:00:12]} cxd4 {[%emt 0:01:01]} 4. Nxd4 {[%emt 0:00:09]} Nf6 {[%emt 0:01:24]} 5. Nc3 {[%emt 0:00:20]} e6 {[%emt 0:01:18]} 6. Be2 {[%emt 0:01:23]} Be7 {[%emt 0:03:24]} 7. O-O {[%emt 0:00:31]} O-O {[%emt 0:00:49]} 8. Be3 {[%emt 0:02:07]} Nc6 {[%emt 0:02:56]} 9. Kh1 {[%emt 0:02:17]} e5 {[%emt 0:07:32]} 10. Nb3 {[%emt 0:03:28]} Be6 {[%emt 0:01:59]} 11. Bf3 {[%emt 0:01:44]} Na5 {[%emt 0:07:27]} 12. Nxa5 {[%emt 0:08:20]} Qxa5 {[%emt 0:00:54]} 13. Qd2 {[%emt 0:01:38]} Qc7 {[%emt 0:10:38]} 14. a4 {[%emt 0:07:41]} b6 {[%emt 0:05:45]} 15. Bg5 {[%emt 0:09:41]} Rac8 {[%emt 0:02:48]} 16. Be2 {[%emt 0:16:00]} h6 {[%emt 0:15:44]} 17. Bxf6 {[%emt 0:06:52]} Bxf6 {[%emt 0:00:04]} 18. Ba6 {[%emt 0:01:15]} Rcd8 {[%emt 0:02:00]} 19. Rad1 {[%emt 0:02:18]} Kh8 {[%emt 0:04:17]} 20. Qe2 {[%emt 0:06:55]} Bg5 {[%emt 0:03:49]} 21. Nd5 {[%emt 0:01:49]} Qc6 {[%emt 0:02:26]} 22. Bb5 {[%emt 0:02:43]} Qb7 {[%emt 0:01:35]} 23. Nb4 {[%emt 0:06:01]} Qc7 {[%emt 0:04:25]} 24. b3 {[%emt 0:08:11]} f5 {[%emt 0:04:19]} 25. f3 {[%emt 0:01:57]} Qf7 {[%emt 0:02:22]} 26. exf5 {[%emt 0:02:34]} Bxf5 {[%emt 0:00:33]} 27. Bc4 {[%emt 0:03:25]} Qg6 {[%emt 0:03:48]} 28. Bd3 {[%emt 0:00:41]} Bxd3 {[%emt 0:01:59]} 29. Rxd3 {[%emt 0:01:29]} e4 {[%emt 0:01:08]} 30. Rdd1 {[%emt 0:02:36]} Rde8 {[%emt 0:04:30]} 31. fxe4 {[%emt 0:00:31]} Rxf1+ {[%emt 0:00:12]} 32. Qxf1 {[%emt 0:00:06]} Qxe4 {[%emt 0:00:24]} 33. Nd3 {[%emt 0:00:28]} d5 {[%emt 0:01:27]} 34. Re1 {[%emt 0:00:55]} Be3 {[%emt 0:00:04]} 35. Qf3 {[%emt 0:00:39]} Qxf3 {[%emt 0:01:53]} 36. gxf3 {[%emt 0:00:03]} d4 {[%emt 0:00:18]} 37. h4 {[%emt 0:00:57]} g5 {[%emt 0:01:45]} 38. hxg5 {[%emt 0:00:08]} hxg5 {[%emt 0:00:04]} 39. Kg2 {[%emt 0:00:20]} Kg7 {[%emt 0:00:07]} 40. Nb4 {[%emt 0:01:02]} Rc8 {[%emt 0:01:17]} 41. Re2 {[%emt 0:00:24]} Rc5 {[%emt 0:00:47]} 42. Kg3 {[%emt 0:00:36]} Kf6 {[%emt 0:00:36]} 43. c4 {[%emt 0:00:33]} dxc3 {[%emt 0:00:29]} 44. Rxe3 {[%emt 0:00:05]} c2 {[%emt 0:00:04]} 45. Nxc2 {[%emt 0:00:33]} Rxc2 {[%emt 0:00:08]} 1/2-1/2

[Event "9th RTU Open 2019"]
[Site "Riga"]
[Date "2019.08.09"]
[Round "7.24"]
[White "Hirneise, Tobias"]
[Black "Kramer, Julian"]
[Result "1/2-1/2"]
[WhiteElo "2459"]
[BlackElo "2352"]
[Annotator "TA"]
[PlyCount "74"]
[EventDate "2019.08.05"]
[EventType "swiss"]
[EventCountry "LAT"]
[SourceTitle "playchess.com"]
[Source "ChessBase"]
[SourceQuality "1"]

{[%evp 12,74,12,17,28,22,14,16,20,31,5,14,37,20,20,8,27,0,57,-31,-29,-48,-35,-157,0,0,168,166,283,306,300,239,235,231,211,206,186,149,137,144,128,127,97,60,69,75,73,48,70,71,64,0,0,0,0,0,67,0,0,0,0,0,0,0,0]} 1. d4 Nf6 2. c4 g6 3. g3 c6 4. Bg2 d5 5. cxd5 cxd5 6. Nc3 Bg7 7. Nf3 Ne4 {D73: Fianchetto Grünfeld: 5 Nf3} 8. Qa4+ Nc6 9. Ne5 Nxc3 10. bxc3 Bxe5 11. dxe5 O-O 12. Bh6 Re8 13. Rd1 {[#]} e6 $146 ({Predecessor:} 13... Qc7 14. Bxd5 Qxe5 15. Qb3 {0-1 (43) Meier,G (2630)-Karjakin,S (2783) chess.com INT 2017}) 14. O-O $36 {[%mdl 2048] White fights for an advantage.} Qc7 (14... Nxe5 $11 15. e4 Bd7) 15. f4 (15. c4 $14) 15... Bd7 $15 16. Qa3 Na5 {Strongly threatening ...Qb6+.} 17. g4 (17. Rd4 $15) 17... Nc4 $2 (17... Qb6+ $1 $17 18. Rd4 Nc6 {[%mdl 64] Pin}) 18. Qc1 $1 $11 Qd8 $2 {[#]} (18... Nb6 $11) 19. Rd3 $1 $18 f6 (19... Bc6 {was worth a try.}) 20. exf6 Qxf6 21. Bg5 Qg7 {[#]} 22. f5 $1 {[%mdl 512]} Ne5 (22... exf5 23. gxf5) 23. Rg3 Nf7 24. fxg6 Nxg5 25. Qxg5 {Threatens to win with Rf7.} Qxg6 26. Qe5 Rf8 27. Rgf3 Rxf3 28. Rxf3 Rf8 29. Qd6 {[%csl Gf3][%cal Rd6f8]} Rxf3 30. Bxf3 Bc6 31. Qb8+ (31. h4 $14) 31... Kg7 $11 32. Qxa7 e5 $1 33. h3 Qb1+ ({Better is} 33... h5 $11) 34. Kh2 (34. Kf2 $14) 34... Qc1 {The position is equal.} 35. Qc5 {Black must now prevent Qe7+.} Qf4+ 36. Kh1 Qc1+ 37. Kh2 {Qe7+ is the strong threat.} Qf4+ {Accuracy: White = 43%, Black = 67%.} 1/2-1/2

[Event "9th RTU Open 2019"]
[Site "Riga"]
[Date "2019.08.09"]
[Round "7.25"]
[White "Lazavik, Denis"]
[Black "Kjartansson, Gudmundur"]
[Result "1/2-1/2"]
[WhiteElo "2339"]
[BlackElo "2470"]
[Annotator "ChessBase"]
[PlyCount "101"]
[EventDate "2019.08.05"]
[EventType "swiss"]
[EventCountry "LAT"]
[SourceTitle "playchess.com"]
[Source "ChessBase"]
[SourceQuality "1"]
[TimeControl "5400+30"]

1. d4 {[%emt 0:00:00]} Nf6 {[%emt 0:00:00]} 2. c4 {[%emt 0:00:13]} g6 {[%emt 0:00:01]} 3. g3 {[%emt 0:00:25]} Bg7 {[%emt 0:00:05]} 4. Bg2 {[%emt 0:00:14]} d5 {[%emt 0:00:38]} 5. cxd5 {[%emt 0:00:17]} Nxd5 {[%emt 0:00:03]} 6. Nf3 {[%emt 0:00:10]} O-O {[%emt 0:00:07]} 7. O-O {[%emt 0:00:07]} Nc6 {[%emt 0:00:34]} 8. Nc3 {[%emt 0:02:59]} Nb6 {[%emt 0:00:04]} 9. e3 {[%emt 0:00:18]} Re8 {[%emt 0:03:12]} 10. Re1 {[%emt 0:00:46]} h6 {[%emt 0:02:00]} 11. h3 {[%emt 0:02:03]} e5 {[%emt 0:02:47]} 12. d5 {[%emt 0:08:32]} Na5 {[%emt 0:00:23]} 13. e4 {[%emt 0:05:42]} c6 {[%emt 0:00:13]} 14. b4 {[%emt 0:10:15]} Nac4 {[%emt 0:01:12]} 15. dxc6 {[%emt 0:01:38]} bxc6 {[%emt 0:00:32]} 16. Qc2 {[%emt 0:03:45]} Be6 {[%emt 0:02:05]} 17. Nd2 {[%emt 0:12:59]} Qe7 {[%emt 0:06:25]} 18. Rb1 {[%emt 0:01:50]} Nxd2 {[%emt 0:15:52]} 19. Bxd2 {[%emt 0:01:51]} Nc4 {[%emt 0:00:09]} 20. Bc1 {[%emt 0:00:30]} a5 {[%emt 0:00:39]} 21. b5 {[%emt 0:05:23]} cxb5 {[%emt 0:01:22]} 22. Rxb5 {[%emt 0:00:28]} Rec8 {[%emt 0:00:30]} 23. Qb1 {[%emt 0:01:34]} Na3 {[%emt 0:02:20]} 24. Nd5 {[%emt 0:01:54]} Bxd5 {[%emt 0:00:30]} 25. Bxa3 {[%emt 0:00:06]} Qxa3 {[%emt 0:00:39]} 26. exd5 {[%emt 0:00:50]} Ra7 {[%emt 0:09:21]} 27. Qb3 {[%emt 0:00:55]} Qxb3 {[%emt 0:04:15]} 28. axb3 {[%emt 0:00:06]} f5 {[%emt 0:01:08]} 29. d6 {[%emt 0:02:19]} Rd8 {[%emt 0:03:07]} 30. Rd1 {[%emt 0:00:17]} Rad7 {[%emt 0:04:07]} 31. Rxa5 {[%emt 0:00:29]} Rxd6 {[%emt 0:00:09]} 32. Rad5 {[%emt 0:00:22]} Rxd5 {[%emt 0:00:16]} 33. Rxd5 {[%emt 0:00:05]} Rc8 {[%emt 0:04:05]} 34. Rd2 {[%emt 0:00:27]} e4 {[%emt 0:00:19]} 35. Bf1 {[%emt 0:00:32]} Rc1 {[%emt 0:01:20]} 36. Kg2 {[%emt 0:00:13]} Kf8 {[%emt 0:01:40]} 37. Bc4 {[%emt 0:00:47]} Ke7 {[%emt 0:00:19]} 38. h4 {[%emt 0:00:20]} Bc3 {[%emt 0:03:53]} 39. Ra2 {[%emt 0:00:51]} Bd4 {[%emt 0:02:30]} 40. Rd2 {[%emt 0:00:12]} Bb6 {[%emt 0:01:13]} 41. Ra2 {[%emt 0:00:17]} Rd1 {[%emt 0:08:48]} 42. Re2 {[%emt 0:02:59]} Kf6 {[%emt 0:01:45]} 43. Rc2 {[%emt 0:00:43]} Ke5 {[%emt 0:06:56]} 44. Be2 {[%emt 0:01:58]} Rb1 {[%emt 0:04:36]} 45. Rc6 {[%emt 0:02:31]} Rxb3 {[%emt 0:01:09]} 46. Rxg6 {[%emt 0:00:47]} Rb2 {[%emt 0:00:08]} 47. Kf1 {[%emt 0:00:04]} Rb1+ {[%emt 0:01:41]} 48. Kg2 {[%emt 0:00:06]} Rb2 {[%emt 0:00:06]} 49. Kf1 {[%emt 0:00:03]} Rb1+ {[%emt 0:02:38]} 50. Kg2 {[%emt 0:00:04]} Rb2 {[%emt 0:00:02]} 51. Kf1 {[%emt 0:01:00]} 1/2-1/2